|
|
|
|
| LEADER |
00000nab a2200000 a 4500 |
| 001 |
vtls011564128 |
| 003 |
SK-MaSNL |
| 005 |
20260305031833.0 |
| 008 |
180405 2016 xo q 000 0 slo |
| 038 |
|
|
|a PPPK
|
| 040 |
|
|
|a PPPKCL
|b slo
|c PPPK
|e AACR2
|
| 041 |
0 |
|
|a slo
|
| 044 |
|
|
|a xo
|c SK
|
| 080 |
|
|
|a 94(100)"1939/1945"
|2 2011
|
| 080 |
|
|
|a 323.25/.26:329.18
|2 2011
|
| 245 |
0 |
0 |
|a Pietna spomienka na ukončenie 2. svetovej vojny
|
| 300 |
|
|
|b Fotogr.
|
| 500 |
|
|
|a Autor a fotograf článku nie sú uvedení.
|
| 648 |
|
7 |
|a 6.5.2016
|2 pppkcl
|9 1258196
|
| 650 |
0 |
7 |
|a druhá svetová vojna (1939-1945)
|2 pppkcl
|9 169657
|
| 650 |
0 |
7 |
|a protifašistický odboj
|2 pppkcl
|9 4751
|
| 650 |
0 |
7 |
|a pietne spomienky
|2 pppkcl
|9 70960
|
| 650 |
0 |
7 |
|a 71. výročie
|2 pppkcl
|9 1090523
|
| 651 |
|
7 |
|a Spišská Belá (Slovensko)
|2 pppkcl
|9 16198
|
| 651 |
|
7 |
|a Kežmarok (Slovensko : okres)
|2 pppkcl
|9 51824
|
| 773 |
0 |
|
|t Spišskobeliansky spravodaj
|g Roč. 14, č. 5 (2016), s. 4
|x 1339-1534
|
| 852 |
|
|
|a PPPK
|b KIS3GCP
|
| 999 |
|
|
|c 3317659
|d 3319589
|